Culture générale ! Une image... Un des... (39) - Statistiques

Statistiques générales
  • Ce quiz a été pris 145 fois
  • Le résultat moyen est 16 sur 30
Statistiques - réponses
Par images Hint Réponse % Correct
types de carte bancaire visa
94%
spécialités italiennes pizza
93%
aliments avocat
92%
fruits Litchi
88%
poissons raie
88%
marques d automobile Tesla
88%
des grands canaux du monde Canal de {Suez}
85%
pays du monde Jamaïque
84%
anciens pays du monde URSS
83%
personnages de Harry Potter Voldemort
83%
Instruments de musique harpe
81%
empires disparus empire {ottoman}
73%
chapeaux sombrero
71%
symboles des Etats-Unis Oncle Sam
69%
personnalités religieuses Mère Thérésa
64%
dictateurs Benito Mussolini
60%
pays du monde Cuba
57%
Instruments de musique banjo
55%
artistes américains Andy Warhol
41%
pays d Europe Danemark
26%
chanteurs James Brown
26%
personnages de Disney Lady
20%
cartes du tarot de Marseille pendu
18%
vêtements traditionnels Burqa
17%
compagnies aériennes Alitalia
13%
empires disparus Autriche-Hongrie
10%
grands sportifs français Guy Drut
8%
films français célébrissimes Le viager
5%
types de lunette pince-nez
3%
villages préférés des Français Esquelbecq
0%
Aucun quiz correspondant
Distribution des résultats
% des personnes avec chaque résultat
Percentile par nombre de réponses
Votre historique - résultats
Vous n’avez pas pris ce quiz